000 00610nam a2200277Ia 4500
001 Z_932
003 CHAP
008 220113s1986 xx 000 0 und d
010 _a164008
040 _cCHAP
082 _a636.08 S83y
100 _aStansfield, Malcolm
_9109467
245 _aManual del ganadero /
_cpor Malcolm Stansfield
260 _aBuenos Aires :
_bEl ateneo,
_c1986
300 _a157 p.
440 _a
500 _a
503 _a
650 _aGanaderĂ­a I. t.
_9138062
901 _a636.08 S83y
902 _aA
910 _a1986
942 _c1
942 _cc1
999 _c164008
_d164008